000 00306nam a22001337a 4500
008 171016b xxu||||| |||| 00| 0 eng d
020 _a9780911541946
041 _aeng
080 _a330.101.541
100 _a52
101 _aMAK
245 _aEVIDENCE BASED MACRO PRACTICE
_cNAIR, M.D
942 _2udc
_cBK
999 _c34098
_d34098